Les compos de Bayer Leverkusen 2-7 PSG (25/26) - Statistiques

Statistiques générales
  • Ce quiz a été pris 62 fois
  • Le résultat moyen est 14 sur 22
Statistiques - réponses
Equipe Poste Joueur % Correct
PSG Attaquant Doué
100%
PSG Gardien Chevalier
98%
PSG Défenseur Mendes
95%
PSG Défenseur Pacho
95%
PSG Milieu Vitinha
95%
PSG Attaquant Barcola
93%
PSG Défenseur Hakimi
93%
PSG Milieu Mayulu
88%
PSG Milieu Zaïre-Emery
86%
PSG Défenseur Zabarnyi
82%
Bayer Leverkusen Milieu Grimaldo
70%
PSG Attaquant Kvaratskhelia
70%
Bayer Leverkusen Défenseur Andrich
43%
Bayer Leverkusen Gardien Flekken
41%
Bayer Leverkusen Milieu Garcia
41%
Bayer Leverkusen Défenseur Badé
39%
Bayer Leverkusen Défenseur Tapsoba
38%
Bayer Leverkusen Attaquant Kofane
23%
Bayer Leverkusen Attaquant Poku
21%
Bayer Leverkusen Milieu Fernandez
20%
Bayer Leverkusen Attaquant Echeverri
14%
Bayer Leverkusen Milieu Arthur
13%
Aucun quiz correspondant
Distribution des résultats
% des personnes avec chaque résultat
Percentile par nombre de réponses
Votre historique - résultats
Vous n’avez pas pris ce quiz